The Israeli-Palestinian conflict / (Record no. 750615)

MARC details
000 -LEADER
fixed length control field 00646cam a2200193 i 4500
020 ## - INTERNATIONAL STANDARD BOOK NUMBER
ISBN 9781399818339
082 ## - DEWEY DECIMAL CLASSIFICATION NUMBER
Classification number 956.04 ROS/I
100 1# - MAIN ENTRY--AUTHOR NAME
Personal name Ross, Stewart
245 14 - TITLE STATEMENT
Title The Israeli-Palestinian conflict /
Statement of responsibility, etc by Stewart Ross.
260 ## - PUBLICATION, DISTRIBUTION, ETC. (IMPRINT)
Place of publication . - London
Name of publisher : Teach yourself
Year of publication , 2024
300 ## - PHYSICAL DESCRIPTION
Number of Pages xx, 332 pages :
Other physical details maps ;
490 1# - SERIES STATEMENT
Series statement Teach yourself
500 ## - GENERAL NOTE
General note Originally published as: Teach yourself the Israeli-Palestinian conflict. 2007.
504 ## - BIBLIOGRAPHY, ETC. NOTE
Bibliography, etc Includes bibliographical references (pages 284-285) and index.
650 #0 - SUBJECT ADDED ENTRY--TOPICAL TERM
Topical Term Arab-Israeli conflict.
700 1# - ADDED ENTRY--PERSONAL NAME
Personal name Ross, Stewart.
942 ## - ADDED ENTRY ELEMENTS (KOHA)
Source of classification or shelving scheme Dewey Decimal Classification
Koha item type Book
Holdings
Withdrawn status Lost status Source of classification or shelving scheme Damaged status Not for loan Home Library Current Location Date acquired Full call number Accession Number Price effective from Koha item type
    Dewey Decimal Classification     Dept. of Political Science Dept. of Political Science 06/02/2025 956.04 ROS/I POL23741 28/07/2025 Book